000 00994cam a2200313 a 4500
001 1896
003 FISKH
005 20250826143550.0
008 070829s2008 nyuab j b 001 0 eng
010 _a 2007036025
020 _a9780531207260
020 _a0531168522 (lib. bdg.)
040 _aDLC
_cDLC
_dDLC
_beng
050 0 0 _aDS706
_b.F75 2008
082 0 0 _a951
_222
100 1 _aFriedman, Mel,
_d1946-
245 1 0 _aChina /
_cMel Friedman.
260 _aNew York :
_bScholastic,
_c2008.
300 _a48 pages :
_bcolor map ; color illustrations ;
_c22 cm.
490 0 _aA true book
505 0 _aQ
520 _aBrief discussion of the history, geography, culture and economy of China.
521 8 _a680
_bLexile
521 8 _aQ
_bRaz-Plus
651 0 _aChina
_vJuvenile literature.
906 _a7
_bcbc
_corignew
_d1
_eecip
_f20
_gy-gencatlg
942 _2ddc
_cBK
_n0
999 _c1896
_d1896